| 000 | 02015cam a22004454i 4500 | ||
|---|---|---|---|
| 003 | PE-LiUPU | ||
| 005 | 20250731165409.0 | ||
| 008 | 151019s2013 pe a grm 000 0 spa d | ||
| 035 | _a(Sirsi) a154926 | ||
| 040 |
_aPE-LiUPU _bspa _cPE-LiUPU _erda |
||
| 099 |
_aTEF 2 _bC13 2013 |
||
| 100 | 1 |
_aCabrera Abanto, Marilú _eautor |
|
| 245 | 1 |
_aPerfil del paciente con tuberculosis pulmonar relacionado con su percepción sobre el apoyo emocional que recibe de su grupo familiar y del profesional de enfermería, pertenecientes a la Estrategia Sanitaria Nacional de Prevención y Control de la Tuberculosis del Centro de Salud Madre Teresa de Calcuta - el Agustino, 2012 / _cMarilú Cabrera Abanto. |
|
| 264 | 0 | _c2013. | |
| 300 |
_a108 hojas : _bilustraciones; _c29 cm |
||
| 336 |
_atext _2rdacontent |
||
| 337 |
_aunmediated _2rdamedia |
||
| 338 |
_avolume _2rdacarrier |
||
| 502 |
_aTesis _b(Lic.) -- _cUniversidad Peruana Unión, _d2013. |
||
| 504 | _aIncluye referencias | ||
| 520 | 3 | _aTrabajo de investigación no experimental, de tipo descriptivo correlacional, con enfoque cuantitativo. La muestra estuvo conformada por 50 pacientes activos pertenecientes a la ESN-PCT. Se utilizó el muestreo no probabilístico por conveniencia, se aplicó el instrumento cumpliendo los criterios de inclusión y exclusión. El instrumento de recolección fue un cuestionario de 36 ítems, dividido en 6 dimensiones. Los datos fueron levantados a través de la entrevista. | |
| 526 | _aSEG44 | ||
| 526 | _aSEG26 | ||
| 526 | _aP151 | ||
| 526 | _aP150 | ||
| 526 | _aP149 | ||
| 526 | _aP146 | ||
| 526 | _aP145 | ||
| 526 | _aP126 | ||
| 526 | _aP125 | ||
| 526 | _aP92 | ||
| 526 | _aP75 | ||
| 526 | _aP74 | ||
| 526 | _aP27 | ||
| 526 | _aP15 | ||
| 650 | 0 | 4 |
_aTuberculosos _xAspectos psicológicos. |
| 596 | _a1 | ||
| 942 |
_2ddc _cTESIS |
||
| 999 |
_aTEF 2 C13 2013 _wALPHANUM _c7618 _iT01348 _lCCODEBUL3 _mBUL _r1 _sY _tTESIS _u2015-10-19 _xSALUD _PP22 _o.STAFF. Tesis _d7618 |
||
| 980 |
_81 _gALBERTO SANCHEZ Responsable de Automatización |
||